| 000 | 01295cam a2200325 a 4500 | ||
|---|---|---|---|
| 090 | _c0 | ||
| 001 | 12208301 | ||
| 005 | 20020821201805.0 | ||
| 008 | 001023s2000 enka b 001 0 eng d | ||
| 010 | _a00697776 | ||
| 015 | _aGB99-V8390 | ||
| 020 | _a0521582229 | ||
| 035 | _a(OCoLC)ocm42406831 | ||
| 040 |
_aUKM _cUKM _dC#P _dDLC |
||
| 042 | _alccopycat | ||
| 050 | 0 | 0 |
_aHG3891 _b.S385 2000 |
| 082 |
_221 _a332.46 _bSCH |
||
| 100 | 1 | _aSchulze, Gèunther G. | |
| 245 | 1 | 4 |
_aThe Political Economy of Capital Controls / _cGèunther G. Schulze. |
| 260 |
_aCambridge, U.K. ; _aNew York : _bCambridge University Press, _cc2000. |
||
| 300 |
_axiv, 282 p. : _bill. ; _c24 cm. |
||
| 504 | _aIncludes bibliographical references (p. 244-275) and index. | ||
| 650 | 0 | _aCapital movements. | |
| 650 | 0 | _aMonetary policy. | |
| 856 | 4 | 2 |
_3Publisher description _uhttp://www.loc.gov/catdir/description/cam021/00697776.html |
| 856 | 4 | 1 |
_3Table of contents _uhttp://www.loc.gov/catdir/toc/cam021/00697776.html |
| 942 |
_2ddc _cBB |
||
| 999 |
_c10591 _d10591 |
||